000 00578nam a2200193Ia 4500
003 OSt
005 20251205125559.0
008 210719s1974 xx 000 0 und d
040 _cAL
041 _aKannada
082 _aK894.3 PADK
100 _aPADMANABHA SOMAYAJI
_dಪದ್ಮನಾಭ ಸೋಮಯಾಜಿ
_9247831
245 _aKannada kogile Muddana.
_bಕನ್ನಡ ಕೋಗಿಲೆ ಮುದ್ದಣ.
260 _aSuratkal.
_bNavodaya Prakashana.,
_c1974
300 _a128
_bPB
365 _b4
_cRs
650 _aKannada Fiction
_9247832
942 _2ddc
_cBK
999 _c213048
_d213048